000 00380 a2200121 4500
001 ART_46676
005 20260410162039.0
008 260409a
245 1 0 _aLa inversión extranjera directa y el crecimiento en los países en desarrollo
100 1 _aMamingi, Nlandu
700 1 _aMartin, Kareem
773 0 _tRevista Cepal
_g- Nº 124 (abr. 2018)
_wREV45125
999 _c34755
_d34755